000 00347nam a2200133Ia 4500
008 210716s2007 xx 000 0 und d
041 _aeng
082 _a332.632042 LONW
100 _aLonergan, Wayne.
245 _aValuation of business shares and other equity.
250 _a4
260 _aChennai
_bAllen and Unwin
_c2007
300 _axii,783
999 _c205341
_d205341